| 000 | 00584nam a22002297a 4500 | ||
|---|---|---|---|
| 005 | 20161007185606.0 | ||
| 008 | 161007b xxu||||| |||| 00| 0 spa d | ||
| 020 | _a9786076226032 | ||
| 041 | _aspa | ||
| 082 | _a005.3 P438w | ||
| 100 |
_aPérez, María _925608 |
||
| 245 | _aWindows 10 práctico | ||
| 260 |
_aMéxico _bAlfaomega _c2016 |
||
| 300 | _a316 páginas | ||
| 650 |
_aWINDOWS 10 _925609 |
||
| 650 |
_aCORTANA _925610 |
||
| 650 |
_aWINDOWS 7 _919991 |
||
| 650 |
_aWINDOWS 8 _96588 |
||
| 650 |
_aWINDOWS 8.1 _925611 |
||
| 650 |
_aSISTEMAS OPERATIVOS _96496 |
||
| 942 | _cBK | ||
| 999 |
_c8521 _d8521 |
||